| 000 | 01023nam a22003257a 4500 | ||
|---|---|---|---|
| 003 | CHAP | ||
| 005 | 20220817043320.0 | ||
| 008 | 971013s1970 r 00010 d | ||
| 010 | _a71596 | ||
| 011 | _a72568 | ||
| 035 | _a82124 | ||
| 040 | _cCHAP | ||
| 082 |
_a338.1 _bC66Y |
||
| 100 | 0 | 0 |
_aCampbell, K. O. _917966 |
| 245 | _aEconomía agrícola | ||
| 260 |
_aBarcelona : _bAedos, _c1970 |
||
| 300 |
_a202 p. _b: gráfs. |
||
| 490 |
_aFundamentos de agricultura moderna _v; 5 |
||
| 590 |
_aBATCH-UPD _b10 _c20130110 _lUCH01 _h0419 |
||
| 590 |
_aBATCH-UPD _b10 _c20130110 _lUCH01 _h2234 |
||
| 590 |
_aBATCH-UPD _b10 _c20130410 _lUCH01 _h0053 |
||
| 590 |
_aBATCH-UPD _b10 _c20130914 _lUCH01 _h0825 |
||
| 590 |
_aCONVERSION _b10 _c20130109 _lUCH01 _h1339 |
||
| 650 | 1 | 4 |
_aAgricultura _xAspectos económicos. |
| 700 | 0 |
_aLongworth, J. W. _967604 |
|
| 830 | 0 |
_aFundamentos de agricultura moderna _v; 5 _944027 |
|
| 901 | _aBK | ||
| 942 | _cLIBRO | ||
| 949 |
_a338.1 C66Y _bBC _cLIBRO _d33724000357380 _eLIBRO _h44833 _i82124 _si _t165.00 |
||
| 999 |
_c71596 _d71596 |
||